| 000 | 00620nam a22002057a 4500 | ||
|---|---|---|---|
| 005 | 20160202061138.0 | ||
| 008 | 110310s2012 nyu 000 0 eng | ||
| 020 | _a9780071762205 (alk. paper) | ||
| 020 | _a0071762205 (alk. paper) | ||
| 041 | 0 | _aeng | |
| 080 | _a658 | ||
| 100 | 1 | _aWartzman, Rick. | |
| 245 | 1 | 0 |
_aWhat would Drucker do now : _cRick Wartzman. |
| 250 | _a1st ed. | ||
| 260 |
_aNew York, NY : _bMcGraw-Hill, _c2012. |
||
| 300 |
_a273 f. ; _c24 cm. |
||
| 505 | 0 | _aIndex f.267-273 | |
| 650 | 0 | _aMenaxhimi | |
| 942 |
_2udc _cBK |
||
| 999 |
_c483 _d483 |
||